| 000 | 01000nam a2200265 i 4500 | ||
|---|---|---|---|
| 003 | DO-SdBNP | ||
| 005 | 20250221122910.0 | ||
| 007 | ta | ||
| 008 | 230412b2013 dr ac||| |||| 00| 0 spa d | ||
| 020 | _a9789945860214 | ||
| 040 |
_aDO-SdBNP _bspa _cBNPHU _erda |
||
| 082 | 4 |
_axxx _bM623h _222 |
|
| 100 |
_aMichel Peguero, Rafael Martín, _d1937- _eautor _4aut. _973945 |
||
| 245 | 1 | 0 |
_aHistoria de un guardia y los coroneles de Abril 1965 : _bmedio siglo de aventuras / _cRafael Martín Michel Peguero ; prólogo, Ramiro Matos González |
| 264 | 1 |
_aSanto Domingo : _bEditora Santuario, _c2013. |
|
| 300 |
_a510 páginas : _bilustraciones, retratos ; _c23 cm. |
||
| 336 |
_atexto _btxt _2rdacontent |
||
| 337 |
_asin mediación _bn _2rdamedia |
||
| 338 |
_avolumen _bnc _2rdacarrier |
||
| 500 | _aIncluye datos biográficos del autor en las solapas | ||
| 590 | _aInventariado, 2025/BT | ||
| 700 |
_aMatos González, Ramiro, _eprologuista _4pr. _987016 |
||
| 910 | _aBtavárez | ||
| 942 |
_2ddc _cLBS1 |
||
| 999 |
_c58176 _d58176 |
||